| 000 | 00498nam a2200181Ia 4500 | ||
|---|---|---|---|
| 005 | 20250508161453.0 | ||
| 008 | 008 250505s9999 xx 000 0 eng d | ||
| 037 | _aTextual | ||
| 040 |
_aFEDL _beng _cFEDL |
||
| 041 |
_aeng _2eng |
||
| 084 |
_a371.1, KUM _qFEDL |
||
| 100 |
_aKumria R R _9757384 |
||
| 245 | 0 | _aTeaher's mental equipment | |
| 260 |
_aJalandhar, India _bUniversity Publishers _c1949 |
||
| 300 | _aiv,88p. | ||
| 942 |
_cTEXL _h371.1, KUM |
||
| 999 |
_c1370154 _d1370154 |
||